GCSE Business and Communication Systems : The Revision Guide (Record no. 2024)

MARC details
005 - DATE AND TIME OF LATEST TRANSACTION
control field 20250506123054.0
020 ## - INTERNATIONAL STANDARD BOOK NUMBER
International Standard Book Number 978-1-84762-320-1
082 ## - DEWEY DECIMAL CLASSIFICATION NUMBER
Classification number 658.107 PAR
245 ## - TITLE STATEMENT
Title GCSE Business and Communication Systems : The Revision Guide
260 ## - PUBLICATION, DISTRIBUTION, ETC.
Place of publication, distribution, etc. Newcastle,
Name of publisher, distributor, etc. Coordination Group Publications Ltd ,
Date of publication, distribution, etc. 2009.
300 ## - PHYSICAL DESCRIPTION
Extent 92p.: ill.; picture,
Other physical details index,
Dimensions 29cm.
700 ## - ADDED ENTRY--PERSONAL NAME
Other authors/Editors Ed by PARK, A [et al...]
856 ## - ELECTRONIC LOCATION AND ACCESS
Link text Access Online Book
Electronic name Communication
Path www.cgpbooks.co.uk
942 ## - ADDED ENTRY ELEMENTS (KOHA)
Source of classification or shelving scheme Dewey Decimal Classification
Koha item type Books
Holdings
Date last seen Total checkouts Full call number Barcode Cost, replacement price Price effective from Koha item type Lost status Source of classification or shelving scheme Damaged status Not for loan Withdrawn status Home library Current library Shelving location Date acquired Cost, normal purchase price
05/06/2025   658.076 PAR 0000007746 49500.00 05/06/2025 Books   Dewey Decimal Classification       College of Business Education Main Library College of Business Education Main Library General Collection 01/02/2020 16500.00